Symbolic Heat : (Record no. 621745)

MARC details
000 -LEADER
fixed length control field 00510nam a2200193 a 4500
008 - FIXED-LENGTH DATA ELEMENTS--GENERAL INFORMATION
fixed length control field 260501s1998##################000#0#eng##
020 ## - INTERNATIONAL STANDARD BOOK NUMBER
ISBN 9780944142875
082 04 - DEWEY DECIMAL CLASSIFICATION NUMBER
Classification number 390.08994811
Item number MCG
100 1# - MAIN ENTRY--AUTHOR NAME
Personal name McGilvray, Dennis,
245 10 - TITLE STATEMENT
Title Symbolic Heat :
260 ## - PUBLICATION, DISTRIBUTION, ETC. (IMPRINT)
Name of publisher Mapin Publishing Pvt Ltd,
Year of publication 1998.
300 ## - PHYSICAL DESCRIPTION
Number of Pages 76 pages
650 #0 - SUBJECT ADDED ENTRY--TOPICAL TERM
Topical Term Body, Mind & Spirit.
942 ## - ADDED ENTRY ELEMENTS (KOHA)
Koha item type English Books
Holdings
Withdrawn status Lost status Damaged status Not for loan Home library Current library Shelving location Date acquired Full call number Accession Number Price effective from Koha item type
        Anna Centenary Library Anna Centenary Library 4TH FLOOR, B WING 01.05.2026 390.08994811 MCG 533408 01.05.2026 English Books

Find us on the map